[Event "GER-chT U20 Girls"]
[Site "Magdeburg"]
[Date "2023.12.28"]
[Round "3.1"]
[White "Fetahovic, Sarah"]
[Black "Ali, Maha"]
[Result "1-0"]
[WhiteElo "1579"]
[BlackElo "1411"]
[PlyCount "113"]
[EventDate "2023.12.26"]
[EventType "team-swiss"]
[EventRounds "7"]
[EventCountry "GER"]
[SourceTitle "CB03_2024"]
[SourceDate "2024.01.17"]
[SourceVersion "1"]
[SourceVersionDate "2024.01.17"]
[SourceQuality "1"]
[WhiteTeam "Solingen"]
[BlackTeam "Kreuzberg"]
[WhiteTeamCountry "GER"]
[BlackTeamCountry "GER"]

1. e4 c6 2. Nf3 d5 3. d3 dxe4 4. dxe4 Qxd1+ 5. Kxd1 Bg4 6. Be2 Nd7 7. Nbd2 Ngf6 8. Ne1 Bxe2+ 9. Kxe2 e6 10. f3 Bd6 11. Nd3 Ne5 12. Nxe5 Bxe5 13. a4 0-0-0 14. a5 Rd7 15. Nc4 Bd4 16. c3 Bc5 17. b4 Be7 18. Be3 c5 19. b5 Rf8 20. Ra2 Kb8 21. Rha1 Ng8 22. Ne5 Rdd8 23. a6 f6 24. Nc4 b6 25. Bf4+ Kc8 26. Rd2 Rxd2+ 27. Kxd2 Rd8+ 28. Ke2 g5 29. Bg3 h5 30. h3 f5 31. Be5 Bf6 32. Rd1 Rxd1 33. Kxd1 Bxe5 34. Nxe5 Ne7 35. Ke2 Kc7 36. Nf7 g4 37. hxg4 hxg4 38. fxg4 fxe4 39. g5 Kd7 40. Ne5+ Ke8 41. Nc6 Nc8 42. Ke3 Nd6 43. Nxa7 Kf7 44. Nc6 Nxb5 45. a7 Nxa7 46. Nxa7 Kg6 47. Kxe4 Kxg5 48. Ke5 Kg4 49. Kxe6 Kg3 50. Kd5 Kxg2 51. Kc6 Kf3 52. Kxb6 c4 53. Kc5 Ke4 54. Kxc4 Ke5 55. Kb5 Kd6 56. Kb6 Kd7 57. c4 1-0

[Event "GER-chT U20 Girls"]
[Site "Magdeburg"]
[Date "2023.12.27"]
[Round "2.1"]
[White "Chung, Dana"]
[Black "Fetahovic, Sarah"]
[Result "0-1"]
[WhiteElo "1289"]
[BlackElo "1579"]
[PlyCount "66"]
[EventDate "2023.12.26"]
[EventType "team-swiss"]
[EventRounds "7"]
[EventCountry "GER"]
[SourceTitle "CB03_2024"]
[SourceDate "2024.01.17"]
[SourceVersion "1"]
[SourceVersionDate "2024.01.17"]
[SourceQuality "1"]
[WhiteTeam "Karlsruhe SF"]
[BlackTeam "Solingen"]
[WhiteTeamCountry "GER"]
[BlackTeamCountry "GER"]

1. e4 e5 2. Nc3 Nc6 3. Bc4 Bc5 4. Qg4 Bf8 5. d3 d5 6. Qg3 dxc4 7. dxc4 Nf6 8. Bd2 Be6 9. 0-0-0 Bxc4 10. f4 Qe7 11. Nf3 exf4 12. Bxf4 Nh5 13. Qg4 Nxf4 14. Qxf4 Nb4 15. Kb1 Rd8 16. a3 Na6 17. Nd5 Bxd5 18. exd5 Qd6 19. Rhe1+ Be7 20. Rxe7+ Kxe7 21. Re1+ Kf8 22. Qxd6+ Rxd6 23. c4 f6 24. Nd4 Kf7 25. Nb5 Rb6 26. b4 Re8 27. Rxe8 Kxe8 28. Nxa7 Nxb4 29. axb4 Rxb4+ 30. Kc2 Rxc4+ 31. Kd3 Rc5 32. Kd4 Ra5 33. Nc8 Kd8 0-1

[Event "GER-ch U16 Girls"]
[Site "Willingen"]
[Date "2023.05.31"]
[Round "5"]
[White "Fetahovic, Sarah"]
[Black "Ottlik, Marie"]
[Result "1-0"]
[WhiteElo "1423"]
[BlackElo "1552"]
[PlyCount "41"]
[EventDate "2023.05.27"]
[EventType "swiss"]
[EventRounds "9"]
[EventCountry "GER"]
[SourceTitle "CBM 214 Extra"]
[Source "ChessBase"]
[SourceDate "2023.07.31"]
[SourceVersion "1"]
[SourceVersionDate "2023.07.31"]
[SourceQuality "1"]

1. e4 c5 2. Nf3 d6 3. c3 Nf6 4. Bd3 e6 5. Bc2 Be7 6. d4 cxd4 7. cxd4 d5 8. e5 Ne4 9. Nbd2 Nxd2 10. Qxd2 0-0 11. 0-0 Nc6 12. a3 Qc7 13. Qd3 g6 14. Bh6 Rd8 15. Ng5 Nxd4 16. Qxd4 Qxc2 17. Rac1 Qb3 18. Qf4 Bxg5 19. Qxg5 f6 20. Qxf6 Rd7 21. Qf8# 1-0

[Event "GER-ch U16 Girls"]
[Site "Willingen"]
[Date "2023.05.28"]
[Round "1"]
[White "Fetahovic, Sarah"]
[Black "Petrosyan, Ani"]
[Result "1-0"]
[WhiteElo "1423"]
[BlackElo "1370"]
[PlyCount "67"]
[EventDate "2023.05.27"]
[EventType "swiss"]
[EventRounds "9"]
[EventCountry "GER"]
[SourceTitle "CBM 214 Extra"]
[Source "ChessBase"]
[SourceDate "2023.07.31"]
[SourceVersion "1"]
[SourceVersionDate "2023.07.31"]
[SourceQuality "1"]

1. e4 c6 2. d4 d5 3. exd5 cxd5 4. Bd3 Nc6 5. c3 Nf6 6. Bf4 g6 7. Nd2 Bf5 8. Bxf5 gxf5 9. Qb3 Qd7 10. h3 Bg7 11. Ngf3 0-0 12. 0-0-0 Rfc8 13. Kb1 Nh5 14. Bh2 a6 15. g4 fxg4 16. hxg4 Nf6 17. Qc2 Nb4 18. Qf5 Qxf5+ 19. gxf5 Nd3 20. Bg3 Ng4 21. Rdf1 b5 22. a3 b4 23. Kc2 Nxb2 24. axb4 Nc4 25. Ra1 Nxd2 26. Kxd2 Rc6 27. Ne5 Nxe5 28. Bxe5 Bxe5 29. dxe5 Rac8 30. Rag1+ Kh8 31. Rg3 Rg8 32. Rgh3 Rg7 33. Kd3 Rc4 34. f6 1-0